LIBRARY & INFORMATION CENTRE, KCAET, TAVANUR

ONLINE PUBLIC ACCESS CATALOGUE (OPAC)

Text book of Irrigation Engineering / (Record no. 1307)

MARC details
000 -LEADER
fixed length control field 00509cam a2200205ua 4500
041 ## - LANGUAGE CODE
Language code of text/sound track or separate title eng
082 ## - DEWEY DECIMAL CLASSIFICATION NUMBER
Classification number 631.5871
Item number DAH/TE
100 ## - MAIN ENTRY--AUTHOR NAME
Personal name Dahigaonkan, T G.
245 ## - TITLE STATEMENT
Title Text book of Irrigation Engineering /
250 ## - EDITION STATEMENT
Edition statement 2 /
260 ## - PUBLICATION, DISTRIBUTION, ETC. (IMPRINT)
Place of publication Ludhiyana :
Name of publisher Wheeler publishing ,
Year of publication 1990.
300 ## - PHYSICAL DESCRIPTION
Number of Pages 254 ; .
942 ## - ADDED ENTRY ELEMENTS (KOHA)
Koha item type Books
Holdings
Withdrawn status Lost status Damaged status Home library Current library Date acquired Full call number Accession Number Koha item type Shelving location
      KAUAET KAUAET 07/04/2012 631.5871 17679 Books  
      KAUAET KAUAET 07/04/2012 631.5871 18074 Books  
      KAUAET KAUAET 07/04/2012 631.5871 19171 Book Bank scheme for SC students Scheme
free website counter